Desafios à humanidade em perguntas / (Record no. 1026)

MARC details
000 -LÍDER
Campo Fixo de Controle 00651nam a2200229 a 4500
001 - NÚMERO DE CONTROLE
Campo de Controle 1026
003 - IDENTIFICAÇÃO DO NÚMERO DE CONTROLE
Campo de Controle BR-CuiBMT
005 - DATA E HORA DA ÚLTIMA ATUALIZAÇÃO
Campo de Controle 20231126173821.0
008 - DADOS FIXOS
Dados Fixos 231126s2017 dtba 000 0 por d
040 ## - AGÊNCIA CATALOGADORA
Código da Agência Catalogadora BR-CuiBMT
Agência que transcreveu o registro BR-CuiBMT
080 ## - Nº DA CLASSIFICAÇÃO DECIMAL UNIVERSAL
Nº edição CDU 2007
Nº Class. CDU 502.131.1
090 ## - NÚMERO DE CHAMADA
Nº classificação 502.131.1
Cutter B917d
Ano/Edição 2. ed.
100 1# - ENTRADA PRINCIPAL -- AUTOR PESSOAL
Nome pessoal Buarque, Cristovam
245 10 - TÍTULO PRINCIPAL
Título principal Desafios à humanidade em perguntas /
Indicação de responsabilidade Cristovam Buarque.
250 ## - EDIÇÃO
Edição 2. ed.
260 ## - PUBLICAÇÃO, DISTRIBUIÇÃO, ETC.
Local de publicação Brasília :
Editora Senado Federal,
Data 2017.
300 ## - DESCRIÇÃO FÍSICA
N. páginas ou volumes 183 p. :
Ilustrações il. color. ;
Dimensões 21 cm
504 ## - NOTA DE BIBLIOGRAFIA, ETC.
Nota de bibliografia Inclui bibliografia.
650 ## - ASSUNTO TÓPICO
Cabeçalho tópico ou nome geográfico Desenvolvimento sustentável
650 ## - ASSUNTO TÓPICO
Cabeçalho tópico ou nome geográfico Meio ambiente
942 ## - ELEMENTOS DE ENTRADA ADICIONAIS (KOHA)
Fonte de classificação ou esquema de arquivamento Classificação Decimal Universal
Tipo de item do Koha Livros
Holdings
Estado: removido Estado: perdido Fonte de classificação ou esquema de arquivamento Estado: danificado Indisponível para empréstimo Localização permanente Localização atual Data de aquisição Total Checkouts Número de Chamada completo Código de barras Date last seen Número do exemplar Preço efetivo a partir de Tipo de item (Koha)
    Classificação Decimal Universal     Biblioteca da Escola Superior de Contas do TCE/MT Biblioteca da Escola Superior de Contas do TCE/MT 26/11/2023   502.131.1 B917d 2. ed. BIBTCEMT23111115 26/11/2023 Ex. 1 26/11/2023 Livros

Powered by Koha